Billboard Hot 100 #1 Hits of 1997 - Statistics

General Stats
  • This quiz has been taken 14 times
  • The average score is 28 of 52
Answer Stats
Issue Date #1 Hit Artist % Correct
February 22 Wannabe Spice Girls
100%
March 1 Wannabe Spice Girls
100%
March 8 Wannabe Spice Girls
100%
March 15 Wannabe Spice Girls
100%
May 24 MMMBop Hanson
85%
May 31 MMMBop Hanson
85%
June 7 MMMBop Hanson
85%
January 4 Un-Break My Heart Toni Braxton
77%
January 11 Un-Break My Heart Toni Braxton
77%
January 18 Un-Break My Heart Toni Braxton
77%
January 25 Un-Break My Heart Toni Braxton
77%
February 1 Un-Break My Heart Toni Braxton
77%
February 8 Un-Break My Heart Toni Braxton
77%
February 15 Un-Break My Heart Toni Braxton
77%
October 11 Candle in the Wind 1997 / Something About the Way You Look Tonight Elton John
69%
October 18 Candle in the Wind 1997 / Something About the Way You Look Tonight Elton John
69%
October 25 Candle in the Wind 1997 / Something About the Way You Look Tonight Elton John
69%
November 1 Candle in the Wind 1997 / Something About the Way You Look Tonight Elton John
69%
November 8 Candle in the Wind 1997 / Something About the Way You Look Tonight Elton John
69%
November 15 Candle in the Wind 1997 / Something About the Way You Look Tonight Elton John
69%
November 22 Candle in the Wind 1997 / Something About the Way You Look Tonight Elton John
69%
November 29 Candle in the Wind 1997 / Something About the Way You Look Tonight Elton John
69%
December 6 Candle in the Wind 1997 / Something About the Way You Look Tonight Elton John
69%
December 13 Candle in the Wind 1997 / Something About the Way You Look Tonight Elton John
69%
December 20 Candle in the Wind 1997 / Something About the Way You Look Tonight Elton John
69%
December 27 Candle in the Wind 1997 / Something About the Way You Look Tonight Elton John
69%
June 14 I'll Be Missing You Puff Daddy & Faith Evans ft. 112
46%
June 21 I'll Be Missing You Puff Daddy & Faith Evans ft. 112
46%
June 28 I'll Be Missing You Puff Daddy & Faith Evans ft. 112
46%
July 5 I'll Be Missing You Puff Daddy & Faith Evans ft. 112
46%
July 12 I'll Be Missing You Puff Daddy & Faith Evans ft. 112
46%
July 19 I'll Be Missing You Puff Daddy & Faith Evans ft. 112
46%
July 26 I'll Be Missing You Puff Daddy & Faith Evans ft. 112
46%
August 2 I'll Be Missing You Puff Daddy & Faith Evans ft. 112
46%
August 9 I'll Be Missing You Puff Daddy & Faith Evans ft. 112
46%
August 16 I'll Be Missing You Puff Daddy & Faith Evans ft. 112
46%
August 23 I'll Be Missing You Puff Daddy & Faith Evans ft. 112
46%
May 3 Hypnotize The Notorious B.I.G.
31%
May 10 Hypnotize The Notorious B.I.G.
31%
May 17 Hypnotize The Notorious B.I.G.
31%
September 13 Honey Mariah Carey
23%
September 20 Honey Mariah Carey
23%
September 27 Honey Mariah Carey
23%
August 30 Mo Money Mo Problems The Notorious B.I.G. ft. Puff Daddy and Mase
23%
September 6 Mo Money Mo Problems The Notorious B.I.G. ft. Puff Daddy and Mase
23%
October 4 4 Seasons of Loneliness Boyz II Men
8%
March 22 Can't Nobody Hold Me Down Puff Daddy ft. Mase
8%
March 29 Can't Nobody Hold Me Down Puff Daddy ft. Mase
8%
April 5 Can't Nobody Hold Me Down Puff Daddy ft. Mase
8%
April 12 Can't Nobody Hold Me Down Puff Daddy ft. Mase
8%
April 19 Can't Nobody Hold Me Down Puff Daddy ft. Mase
8%
April 26 Can't Nobody Hold Me Down Puff Daddy ft. Mase
8%
No matching quizzes found
Score Distribution
Percent of People with Each Score
Percentile by Number Answered
Your Score History
You have not taken this quiz